Transport economics in India / (Record no. 41617)

MARC details
000 -LEADER
fixed length control field 00875nam a22002417a 4500
005 - DATE AND TIME OF LATEST TRANSACTION
control field 20100813133642.0
010 ## - LCCN (DPL NO)
LC control number ENG-99890
020 ## - INTERNATIONAL STANDARD BOOK NUMBER
International Standard Book Number 8177354272
Terms of availability 50.00
020 ## - INTERNATIONAL STANDARD BOOK NUMBER
International Standard Book Number 9788177354270
Terms of availability 50.00
035 ## - SYSTEM CONTROL NUMBER
System control number 83422
037 ## - SOURCE OF ACQUISITION
Source of stock number/acquisition DBAD/PUB
082 ## - DEWEY DECIMAL CLASSIFICATION NUMBER
Classification number 380.50954
100 ## - MAIN ENTRY--PERSONAL NAME
Personal name Saravanakumar, M.
245 ## - TITLE STATEMENT
Title Transport economics in India /
Statement of responsibility, etc by M. Saravanakumar
260 ## - PUBLICATION, DISTRIBUTION, ETC. (IMPRINT)
Place of publication, distribution, etc Chennai
Name of publisher, distributor, etc Pavai Publications
Date of publication, distribution, etc 2008
270 ## - ADDRESS
Address 142, Jani Jan Khan Road Royapettah
City Chennai
Postal code 600014
300 ## - PHYSICAL DESCRIPTION
Extent viii, 128p.
Dimensions 21cm (pbk)
500 ## - GENERAL NOTE
General note includes bibliographical references
650 ## - SUBJECT ADDED ENTRY--TOPICAL TERM
Topical term or geographic name as entry element Transportation and state
650 ## - SUBJECT ADDED ENTRY--TOPICAL TERM
Topical term or geographic name as entry element Transportation
General subdivision Finance
942 ## - ADDED ENTRY ELEMENTS (KOHA)
Source of classification or shelving scheme Dewey Decimal Classification
Item type English Books
Classification part 380.50954
Call number suffix SAR
Holdings
Withdrawn status Lost status Not for loan Collection code Home library Current library Date acquired Source of acquisition Cost, normal purchase price Full call number Barcode Copy number Cost, replacement price Koha item type
    Not For Loan Non-fiction D.B.Act.Division D.B.Act.Division 13/08/2010 DBAD/PUB 50.00 380.50954 SAR EN-83422 1 50.00 English Books

© Delhi Public Library
Hit Counter
free hit counter